000
00240nam a2200097Ia 4500
005
20251222114348.0
008
251222s1900||||xx |||||||||||||| ||spa||
082
_a
DVD0111/B58/1999
245
0
_a
El gigante de hierro:The Iron Giant
942
_c
DVD
999
_c
1141
_d
1141